[Event "Sucre op 7th"]
[Site "Sucre"]
[Date "2023.12.08"]
[Round "3"]
[White "Arce Jessen, Isabel"]
[Black "Ala Chiri, Jhamil Cristian"]
[Result "0-1"]
[WhiteElo "1285"]
[BlackElo "1549"]
[PlyCount "54"]
[EventDate "2023.12.07"]
[EventType "swiss"]
[EventRounds "7"]
[EventCountry "BOL"]
[SourceTitle "CB51_2023"]
[SourceDate "2023.12.20"]
[SourceVersion "1"]
[SourceVersionDate "2023.12.20"]
[SourceQuality "1"]

1. d4 Nf6 2. Bf4 g6 3. Nc3 Bg7 4. e4 d6 5. Qd2 h6 6. 0-0-0 Nbd7 7. f3 b6 8. e5 Nh5 9. exd6 cxd6 10. Bc4 Nxf4 11. Qxf4 0-0 12. Qe4 Rb8 13. Qxg6 d5 14. Bxd5 e6 15. Bxe6 fxe6 16. Qxe6+ Kh8 17. Nh3 b5 18. Ne2 Re8 19. Qg6 Rxe2 20. Nf4 Nf8 21. Qd3 Re8 22. Rhe1 Rxe1 23. Rxe1 Qg5 24. g3 Bf5 25. Qb3 Bxd4 26. Qf7 Bg6 27. Qxa7 Bxa7 0-1